00446nam a22001577a 450000500170000000800410001702000180005804100130007608200140008910000250010324500360012825000190016426000460018330000330022965000260026220231116073518.0231116b |||||||| |||| 00| 0 eng d a9780702184987 aEnglish  a344.1 GRO aGrogan, J lEnglish  aEmployment Rights / cJ Grogan  aFirst Edition  aCape Town : bJuta and Company Ltd,c2010 bxxxii, 311 pages ; c25 cm.  aLegal practice bLaw